| 000 | 00794cam a2200265 i 4500 | ||
|---|---|---|---|
| 001 | 2799856 | ||
| 003 | ARRUPE | ||
| 005 | 20160303124111.0 | ||
| 008 | 810218s1979 enk d 000 0deng | ||
| 010 | _a 81453167 | ||
| 015 | _aGB*** | ||
| 020 |
_a0713911964 : _c£6.95 |
||
| 040 |
_aDLC _cDLC _dDLC |
||
| 050 | 0 | 0 |
_aD419 _b.P29 1979 |
| 082 | 0 | 0 |
_a909.82/0321 _219 |
| 100 | 1 |
_aPalmer, Alan, _d1926- _922726 |
|
| 245 | 1 | 4 |
_aThe Penguin dictionary of twentieth century history / _cAlan Palmer. |
| 250 | _aRev. ed. | ||
| 260 |
_aNew York : _bPenguin Books, _c1979. |
||
| 300 |
_a402 p. ; _c22 cm. |
||
| 650 | 0 |
_aHistory, Modern _y20th century _xDictionaries. _922727 |
|
| 906 |
_a7 _bcbc _corignew _d4 _encip _f19 _gy-gencatlg |
||
| 942 |
_2lcc _cMONOGRAPH |
||
| 999 |
_c124306 _d124306 |
||